Empowering people with severe mental illness : (Record no. 735)
[ view plain ]
| 000 -LEADER | |
|---|---|
| fixed length control field | 01838cam a22003134a 4500 |
| 005 - DATE AND TIME OF LATEST TRANSACTION | |
| control field | 20260322212032.0 |
| 008 - FIXED-LENGTH DATA ELEMENTS--GENERAL INFORMATION | |
| fixed length control field | data |
| 010 ## - LIBRARY OF CONGRESS CONTROL NUMBER | |
| LC control number | 2004030360 |
| 020 ## - INTERNATIONAL STANDARD BOOK NUMBER | |
| International Standard Book Number | 9780195171877 (hardcover : alk. paper) |
| 020 ## - INTERNATIONAL STANDARD BOOK NUMBER | |
| International Standard Book Number | 019517187X (hardcover : alk. paper) |
| 040 ## - CATALOGING SOURCE | |
| Original cataloging agency | DLC |
| Transcribing agency | DLC |
| Modifying agency | U3Q |
| -- | C#P |
| -- | EYE |
| -- | VET |
| -- | YBM |
| -- | YDXCP |
| -- | OCLCQ |
| -- | BTCTA |
| -- | U3Q |
| 041 09 - LANGUAGE CODE | |
| Language code of text/sound track or separate title | eng |
| 042 ## - AUTHENTICATION CODE | |
| Authentication code | pcc |
| 043 ## - GEOGRAPHIC AREA CODE | |
| Geographic area code | n-us--- |
| 044 ## - COUNTRY OF PUBLISHING/PRODUCING ENTITY CODE | |
| -- | United States |
| 050 00 - LIBRARY OF CONGRESS CALL NUMBER | |
| Classification number | HV3006.A4 |
| Item number | L56 2006 |
| 082 00 - DEWEY DECIMAL CLASSIFICATION NUMBER | |
| Classification number | 362.2/0425 |
| Edition information | 22 |
| 096 ## - LOCALLY ASSIGNED NLM-TYPE CALL NUMBER (OCLC) | |
| Classification number | WM 420.5.N8 L56 2006 |
| 001 - CONTROL NUMBER | |
| control field | data |
| 100 1# - MAIN ENTRY--PERSONAL NAME | |
| Personal name | Linhorst, Donald M., |
| Dates associated with a name | 1956- |
| 245 10 - TITLE STATEMENT | |
| Title | Empowering people with severe mental illness : |
| Remainder of title | a practical guide / |
| Statement of responsibility, etc. | Donald M. Linhorst. |
| 260 ## - PUBLICATION, DISTRIBUTION, ETC. | |
| Place of publication, distribution, etc. | New York, N.Y. : |
| Name of publisher, distributor, etc. | Oxford University Press, |
| Date of publication, distribution, etc. | 2006. |
| 300 ## - PHYSICAL DESCRIPTION | |
| Extent | xii, 353 p. ; |
| Dimensions | 24 cm. |
| 504 ## - BIBLIOGRAPHY, ETC. NOTE | |
| Bibliography, etc. note | Includes bibliographical references (p. 313-344) and index. |
| 505 0# - FORMATTED CONTENTS NOTE | |
| Formatted contents note | Conceptualizing empowerment -- A history of powerlessness -- Individual rights, coercion, and empowerment -- Conditions for empowerment -- Empowerment through treatment planning -- Empowerment through housing -- Empowerment through organizational decision making -- Empowerment through planning and policy making -- Empowerment through employment -- Empowerment through research -- Empowerment through service provision -- Creating and living empowered lives. |
| 520 ## - SUMMARY, ETC. | |
| Summary, etc. | "Presents a model of empowerment and then applies it to seven areas that the have potential to empower people with severe mental illness, including treatment planning, housing, employment, and others. Provides practitioners, administrators, and policymakers with specific guidelines and actions to promote empowerment"--Provided by publisher. |
| 856 41 - ELECTRONIC LOCATION AND ACCESS | |
| Uniform Resource Identifier | <a href="http://www.loc.gov/catdir/toc/ecip055/2004030360.html">http://www.loc.gov/catdir/toc/ecip055/2004030360.html</a> |
| 856 42 - ELECTRONIC LOCATION AND ACCESS | |
| Uniform Resource Identifier | <a href="http://www.loc.gov/catdir/enhancements/fy0636/2004030360-d.html">http://www.loc.gov/catdir/enhancements/fy0636/2004030360-d.html</a> |
| Withdrawn status | Lost status | Damaged status | Not for loan | Home library | Current library | Shelving location | Date acquired | Total checkouts | Full call number | Barcode | Date last seen | Price effective from | Koha item type |
|---|---|---|---|---|---|---|---|---|---|---|---|---|---|
| Centerville | Centerville | General stacks | 22/03/2026 | 362.2/0425 22 | BC0010752 | 22/03/2026 | 22/03/2026 | Books |